000 00338nam a2200133Ia 4500
005 20251222144625.0
008 251222s9999||||xx |||||||||||||| ||spa||
020 _a968-16-5338-6
082 _a840.4/B13
100 _aBachelard, Gaston
245 0 _aLa Poética de la Ensoñación
264 _bFondo de Cultura Económica
942 _cLIB
999 _c16102
_d16102